Elfride Trötschel singt Opernarien (Запис номер 515171)
[ съкратено ]
| 000 -Лидер | |
|---|---|
| Лидер | 01322njm a2200313 a 4500 |
| 003 - Код на организацията, давaща контролен номер | |
| Код на организацията, даваща контролен номер | BLK |
| 005 - Дата и час на последна редакция | |
| Дата и час на последна редакция | 20250301005537.0 |
| 008 - Елементи от данни с фиксирана дължина | |
| Елементи с фиксирана дължина | 180413b bul||n|| |||||||| n|bulo| |
| 028 ## - PUBLISHER NUMBER | |
| Издателски номер | 820306 |
| 040 ## - Източник на каталожния запис | |
| Код на библиотеката | BLK |
| 041 ## - Код за език | |
| Език на записа | Немски |
| Език за КДБФ | Немски |
| 080 ## - УДК | |
| УДК текст | Опера, музикална драма - изпълнители |
| УДК код | 782.1.071.2 |
| УДК – код + определител | 782.1.071.2(086.72) |
| 100 1# - Редна дума - Автор | |
| Автор | Dvorak, Antonin |
| R(LIN) | 9207 |
| 245 ## - Сведения за заглавието | |
| Заглавие | Elfride Trötschel singt Opernarien |
| Авторска отговорност | Antonín Dvorak et al. |
| 257 ## - Страна на издаване | |
| Страна на създаване/издаване | Германия |
| 260 ## - Област на издателските данни | |
| Място на издаване | Berlin |
| Име на издателя | Deutsche Schallplatten |
| Година на издаване | 1962 |
| 9 (RLIN) | 215027 |
| 300 ## - Физическа характеристика | |
| Брой страници | 1 грамофонна плоча |
| Илюстрации | 33 об./мин., mono |
| Размер | 30 см |
| 380 ## - Жанр | |
| Жанр | Изкуство |
| 490 ## - СЕРИИ (Колекции) | |
| Серия | Eterna |
| 9 (RLIN) | 493861 |
| 500 ## - Общи забележки | |
| Обща забележка | Du lieber Mond.: Rusalka <br/>In weiter Fremde irrten wir<br/>Ach Gott, wie hoffnungslos / Wenn der Herbst zieht ins Land.<br/>Und sei's mein Untergang.<br/>Er schläft! Wie alle sind in Angst und Not / Er ist gut. |
| 511 ## - Забележка за участници или изпълнители | |
| Забележка за участници | Interpr.: Elfride Trötschel. Horst Günter, Bariton. Münchener Philharmoniker. Robert Heger, Dirigent.Württembergisches Staatsorchester. Ferdinand Leitner, Dirigent. |
| 650 #0 - Допълнително описание по предмет – тема | |
| 9 (RLIN) | 275448 |
| Предметна рубрика | Опера - изпълнители |
| 700 ## - Други автори (авторска отговорност) | |
| 9 (RLIN) | 493986 |
| Друг автор | Trоtschel, Elfriede |
| 852 ## - Местоположение | |
| Сигнатура (форматна) | Ф ІІ 424 |
| 942 ## - АРТИКУЛИ | |
| Вид на библиотечния документ | Грамофонни плочи |
| Скрит в OPAC | Не |
| 944 ## - СЪЗДАВАНЕ И РЕДАКЦИЯ на ЗАПИСА | |
| Дата на регистрацията/редакция | Нора Радева |
| Служител, извършил регистрацията/редакцията | |
| Статус, дата на статуса | CRON CRON |
| 999 ## - СИСТЕМНИ КОНТРОЛНИ НОМЕРА | |
| Koha biblionumber | 515171 |
| Koha biblioitemnumber | 515171 |
| 999 ## - СИСТЕМНИ КОНТРОЛНИ НОМЕРА | |
| Koha biblioitemnumber | 515171 |
| 999 ## - СИСТЕМНИ КОНТРОЛНИ НОМЕРА | |
| Koha biblioitemnumber | 515151 |
| Код за отписване | Код за изгубен артикул | Източник на класификационната схема | Код за повреда | Коз за рестрикции | Код за отдаване | Артикулен № | Име на библиотеката - собственик | Име на библиотеката, в която се намира в момента | Статус (Текущо местоположение) | Дата на вписване в системата | Местоположение - отдел | Цена в лева | Инвентарен номер | Систематично азбучна сигнатура | Баркод | Цена в евро | Служебен тип на артикула |
|---|---|---|---|---|---|---|---|---|---|---|---|---|---|---|---|---|---|
| Не е изгубен | Universal Decimal Classification | Не е повреден | само за читалня | ползва се в читалня | 946697 | Регионална библиотека "Любен Каравелов" Русе | Регионална библиотека "Любен Каравелов" Русе | Хранилище | 2024-08-09 | Основен фонд - ползва се само за читалня | 6.00 | 1530/66 | Ф ІІ 424 | 900000106164 | 3.07 | Грамофонни плочи |